000 00218nam a22001217a 4500
040 _cSY
082 _a631
100 _aWILLIAM
245 _aInvironmental
260 _aRUA
_bWIL
_c1999
300 _a649p.
942 _cEK
999 _c9196
_d9196